Czy znasz tablice rejestracyjne w województwie łódzkim? - Statystyki

Ogólne statystyki
  • Ten quiz został rozwiązany 148 razy
  • Średni wynik to 23 z 25
Statystyki odpowiedzi
Powiat Miasto % Poprawnych
powiat bełchatowski EBE
97%
powiat brzeziński EBR
97%
Łódź EL
95%
powiat kutnowski EKU
93%
powiat pabianicki EPA
93%
powiat poddębicki EPD
93%
powiat radomszczański ERA
93%
powiat rawski ERW
93%
Skierniewice ES
93%
powiat sieradzki ESI
93%
powiat skierniewicki ESK
93%
powiat zgierski EZG
93%
powiat łaski ELA
92%
powiat łęczycki ELE
92%
powiat opoczyński EOP
92%
Piotrków Trybunalski EP
92%
powiat pajęczański EPJ
92%
powiat tomaszowski ETM
92%
powiat wieluński EWI
92%
powiat zduńskowolski EZD
92%
powiat piotrkowski EPI
91%
powiat łódzki wschodni ELW
87%
powiat wieruszowski EWE
85%
powiat łowicki ELC
84%
Łódź (motocykle) ED
47%
Nie znaleziono quizów pasujących do podanych kryteriów
Rozkład punktacji
Procent ludzi z każdym wynikiem
Percentyl według liczby udzielonych odpowiedzi
Twoja historia wyników
Nie rozwiązałeś tego quizu